Statistiques concernant Jours en italien

Cliquez ici pour prendre le quiz!

Statistiques générales

  • Ce quiz a été pris 178 fois
  • Le résultat moyen est 6 sur 7

Statistiques - réponses

HintRéponse% Correct
LundiLunedì
98%
MardiMartedi
89%
MercrediMercoledì
86%
VendrediVenerdì
78%
JeudiGiovedì
72%
SamediSabato
71%
DimancheDomenica
66%

Distribution des résultats

Percentile par nombre de réponses

% des personnes avec chaque résultat

Votre développement - résultats

Vous n’avez pas pris ce quiz